<?xml version="1.0" encoding="UTF-8"?>
<record
    xmlns:xsi="http://www.w3.org/2001/XMLSchema-instance"
    xsi:schemaLocation="http://www.loc.gov/MARC21/slim http://www.loc.gov/standards/marcxml/schema/MARC21slim.xsd"
    xmlns="http://www.loc.gov/MARC21/slim">

  <leader>01669cam a2200289 a 4500</leader>
  <controlfield tag="001">17961035</controlfield>
  <controlfield tag="005">20170105143242.0</controlfield>
  <controlfield tag="008">131203s2014    maua   frb    001 0 eng d</controlfield>
  <datafield tag="020" ind1=" " ind2=" ">
    <subfield code="a">9780123868886</subfield>
  </datafield>
  <datafield tag="040" ind1=" " ind2=" ">
    <subfield code="a">DLC</subfield>
    <subfield code="b">eng</subfield>
    <subfield code="c">DLC</subfield>
    <subfield code="d">DLC</subfield>
    <subfield code="d">EG-ScBUE</subfield>
    <subfield code="d">EG-ScBUE</subfield>
  </datafield>
  <datafield tag="082" ind1="0" ind2="4">
    <subfield code="a">621.8672</subfield>
    <subfield code="2">22</subfield>
    <subfield code="b">BAI</subfield>
  </datafield>
  <datafield tag="100" ind1="1" ind2=" ">
    <subfield code="a">Bai, Qiang.</subfield>
    <subfield code="9">37844</subfield>
  </datafield>
  <datafield tag="245" ind1="1" ind2="0">
    <subfield code="a">Subsea pipeline design, analysis, and installation /</subfield>
    <subfield code="c">Qiang Bai, Yong Bai.</subfield>
  </datafield>
  <datafield tag="250" ind1=" " ind2=" ">
    <subfield code="a">1st ed.</subfield>
  </datafield>
  <datafield tag="260" ind1=" " ind2=" ">
    <subfield code="a">Waltham ;</subfield>
    <subfield code="a">Oxford :</subfield>
    <subfield code="b">Gulf Professional Publishing / Elsevier,</subfield>
    <subfield code="c">2014.</subfield>
  </datafield>
  <datafield tag="300" ind1=" " ind2=" ">
    <subfield code="a">x, 809 p. :</subfield>
    <subfield code="b">ill. ;</subfield>
    <subfield code="c">24 cm.</subfield>
  </datafield>
  <datafield tag="500" ind1=" " ind2=" ">
    <subfield code="a">Index : p. 767-809.</subfield>
  </datafield>
  <datafield tag="504" ind1=" " ind2=" ">
    <subfield code="a">Includes bibliographical references.</subfield>
  </datafield>
  <datafield tag="520" ind1=" " ind2=" ">
    <subfield code="a">"Subsea pipelines are used for a number of purposes in the development of subsea hydrocarbon resources as shown in Figure 1.1. A pipeline system can be a single-pipe pipeline system, pipe-in-pipe or bundled system. Normally, the term of subsea flow-lines is used to describe the subsea pipelines carrying oil and gas products from the wellhead to the riser base; the riser is connected to the processing facilities (e.g. a platform or a FPSO). The subsea pipelines from the processing facilities to shore are called export pipelines, while the subsea pipelines from the platform to subsea equipment used to transfer water or chemical inhibiters are called water injection or chemical flow-lines".</subfield>
  </datafield>
  <datafield tag="650" ind1=" " ind2="7">
    <subfield code="a">Underwater pipelines</subfield>
    <subfield code="x">Design and construction.</subfield>
    <subfield code="2">BUEsh</subfield>
    <subfield code="9">37845</subfield>
  </datafield>
  <datafield tag="650" ind1=" " ind2="7">
    <subfield code="a">Offshore structures</subfield>
    <subfield code="x">Design and construction.</subfield>
    <subfield code="2">BUEsh</subfield>
    <subfield code="9">37846</subfield>
  </datafield>
  <datafield tag="651" ind1=" " ind2=" ">
    <subfield code="2">BUEsh</subfield>
  </datafield>
  <datafield tag="653" ind1=" " ind2=" ">
    <subfield code="b">ENGGEN</subfield>
    <subfield code="c">May2015</subfield>
  </datafield>
  <datafield tag="653" ind1=" " ind2=" ">
    <subfield code="b">ENGPET</subfield>
    <subfield code="c">January2017</subfield>
  </datafield>
  <datafield tag="700" ind1="1" ind2=" ">
    <subfield code="a">Bai, Yong.</subfield>
    <subfield code="9">37847</subfield>
  </datafield>
  <datafield tag="942" ind1=" " ind2=" ">
    <subfield code="2">ddc</subfield>
    <subfield code="k">621.8672 BAI</subfield>
  </datafield>
  <datafield tag="999" ind1=" " ind2=" ">
    <subfield code="c">19281</subfield>
    <subfield code="d">19253</subfield>
  </datafield>
  <datafield tag="952" ind1=" " ind2=" ">
    <subfield code="0">0</subfield>
    <subfield code="1">0</subfield>
    <subfield code="2">ddc</subfield>
    <subfield code="4">0</subfield>
    <subfield code="7">0</subfield>
    <subfield code="8">Alahram</subfield>
    <subfield code="a">MAIN</subfield>
    <subfield code="b">MAIN</subfield>
    <subfield code="c">1ST</subfield>
    <subfield code="d">2015-05-05</subfield>
    <subfield code="e">purchase</subfield>
    <subfield code="g">1283.00</subfield>
    <subfield code="h">321</subfield>
    <subfield code="l">1</subfield>
    <subfield code="m">24</subfield>
    <subfield code="o">621.8672 BAI</subfield>
    <subfield code="p">000038147</subfield>
    <subfield code="r">2025-07-15 00:00:00</subfield>
    <subfield code="s">2016-11-14</subfield>
    <subfield code="v">1603.75</subfield>
    <subfield code="y">BB</subfield>
  </datafield>
  <datafield tag="952" ind1=" " ind2=" ">
    <subfield code="0">0</subfield>
    <subfield code="1">0</subfield>
    <subfield code="2">ddc</subfield>
    <subfield code="4">0</subfield>
    <subfield code="7">0</subfield>
    <subfield code="8">Academic</subfield>
    <subfield code="a">MAIN</subfield>
    <subfield code="b">MAIN</subfield>
    <subfield code="c">1ST</subfield>
    <subfield code="d">2017-01-05</subfield>
    <subfield code="e">Purchase</subfield>
    <subfield code="g">1999.90</subfield>
    <subfield code="h">2000085</subfield>
    <subfield code="l">0</subfield>
    <subfield code="o">621.8672 BAI</subfield>
    <subfield code="p">000040771</subfield>
    <subfield code="r">2025-07-15 00:00:00</subfield>
    <subfield code="v">2499.88</subfield>
    <subfield code="y">BB</subfield>
  </datafield>
</record>
